Visualizzazione normale
Vista MARC
- Carrozzino Michela, Ruffinato Piera (a cura di)
di Personal Name
Records bibliografici associati: 1
001 - CONTROL NUMBER
- control field: 56570
003 - CONTROL NUMBER IDENTIFIER
- control field: IT-RoPau
005 - DATE AND TIME OF LATEST TRANSACTION
- control field: 20170908164733.0
008 - FIXED-LENGTH DATA ELEMENTS
- fixed length control field: 170908|| aca||aabn | a|a d
040 ## - CATALOGING SOURCE
- Original cataloging agency: IT-RoPau
- Transcribing agency: IT-RoPau
100 ## - HEADING--PERSONAL NAME
- Personal name: Carrozzino Michela, Ruffinato Piera (a cura di)
670 ## - SOURCE DATA FOUND
- Source citation: Work cat.: (IT-RoPau): Carrozzino Michela, Ruffinato Piera (a cura di), Uguaglianze difficili e mondi della disabilità, 2017